000 00585nam a22002297a 4500
003 UA-OsUOA
001 34258
007 ta
008 20050927b un ||||| |||| 00| 0 ukr d
100 _aШегрен Б.
090 _a821.113.6
_bШ38
942 _cBK
040 _aUA-OsUOA
_brus
_cUA-OsUOA
_dUA-OsUOA
245 _aОстрова среди ветров
300 _a288 с.
955 _a3
041 _arus
080 _a821.113.6
260 _aМ.
_bМысль
_c1967
650 7 _a82 Література. Літературознавство
_2UDC
999 _c320692
_d320692